00980nam a22002654c 4500003000900000008004100009020001800050040002500068041001800093080001100111100002100122245002600143264003100169300004100200336002700241337003300268338002800301490004200329500003500371520022000406521001300626650003400639650001100673700003000684AR-BaSMT240627t2019 enka|||ar|||| 000 1 ing d a9781474959896 aBSGBbespañolerda0 ainghInglés a82-34 1 aMackinnon, Mairi14aThe Three Billy Goats aLondres : bUsborne,c2019 a24 páginas ; bilustraciones color 2rdacontentatextobtxt 2rdamediaasin mediaciónbn 2rdacarrieravolumenbnc aUsborne English Readers Starter Level aWith activities and free audio aA popular folk tale from Norway. Benny, Bert and Boris are three brother goats. They are looking for new grass to eat. There's plenty of new grass just over the bridge - but look out for the hungry troll on the way. aPrimaria 7aLITERATURA INFANTILvInglés 7aCUENTO1 aBeckett, KyleeIlustrador